Open Data Biblioteca Nacional de Portugal


República Portuguesa: Ministério da Cultura
Biblioteca Nacional de Portugal

Catálogo da BNP: acesso por Identificadores Unívocos
Registos Bibliográficos associados ao registo de autoridade

Etiqueta de registo: 00254nam 2200025 450
001 2283869
003 http://id.bnportugal.gov.pt/bib/catbnp/2283869
100 ## $a20260408d2025 k y0pory01030103ba
101 0# $aeng$dpor
102 ## $aPT
105 ## $aa m 000yy
106 ## $ar
200 1# $aUncovering the role of epitranscriptomic alterations in kidney cancer$fCatarina Guimarães Teixeira$gorient. Carmen de Lurdes Fonseca Jerónimo, Rui Manuel Ferreira Henrique, Vera Mónica Miranda Gonçalves
210 #9 $aPorto$c[s.n.],$d2025
215 ## $aXXVII, 222 p.$d30 cm
328 #1 $aTese dout. Patologia e Genética Molecular, Faculdade de Medicina da Universidade do Porto, 2025
700 #1 $aTeixeira,$bCatarina Guimarães$31995004
702 #1 $aJerónimo,$bCarmen de Lurdes Fonseca$4727$31040859
702 #1 $aHenrique,$bRui$4727$31361193
702 #1 $aGonçalves,$bVera Mónica Miranda$4727$31680984
801 #0 $aPT$bBN$gRPC
966 ## $lBN$mFGMON$x1
971 ## $cabrito$d20260408

OpendataBNP@bnportugal.pt | Mais informação sobre acesso aos dados BNP